Operations and supply management: the core. / (Record no. 1966)

MARC details
000 -LEADER
fixed length control field 00918nam a22001817a 4500
008 - FIXED-LENGTH DATA ELEMENTS--GENERAL INFORMATION
fixed length control field 120809t xxu||||| |||| 00| 0 eng d
020 ## - INTERNATIONAL STANDARD BOOK NUMBER
International Standard Book Number 9780073294735
050 ## - LIBRARY OF CONGRESS CALL NUMBER
Classification number TS155.J27
100 ## - MAIN ENTRY--PERSONAL NAME
Personal name Jacobs, F. Robert.
245 ## - TITLE STATEMENT
Title Operations and supply management: the core. /
Statement of responsibility, etc. F. Robert Jacobs and Richard B. Chase
260 ## - PUBLICATION, DISTRIBUTION, ETC.
Place of publication, distribution, etc. Boston:
Name of publisher, distributor, etc. McGraw- Hill,
Date of publication, distribution, etc. 2008.
300 ## - PHYSICAL DESCRIPTION
Extent xiii,415p.:
Other physical details ill.;
Dimensions 26cm.
500 ## - GENERAL NOTE
General note Includes index.
505 ## - FORMATTED CONTENTS NOTE
Formatted contents note Contents: Strategy: Operations and supply strategy -- Project management -- Processes: Strategic capacity management -- Manufacturing processes -- Service processes -- Six- sigma quality -- Supply chains: Strategic sourcing -- Logistics -- Lean manufacturing -- Inventory: Demand management and forecasting -- Aggregate sales and operations planning -- Material requirements planning.
650 ## - SUBJECT ADDED ENTRY--TOPICAL TERM
Topical term or geographic name entry element Operations Management.
700 ## - ADDED ENTRY--PERSONAL NAME
Personal name Chase, Richard B.
942 ## - ADDED ENTRY ELEMENTS (KOHA)
Source of classification or shelving scheme Library of Congress Classification
Koha item type Books
Holdings
Withdrawn status Lost status Source of classification or shelving scheme Damaged status Not for loan Home library Current library Shelving location Date acquired Total Checkouts Full call number Barcode Date last seen Copy number Price effective from Koha item type
    Library of Congress Classification     WISCONSIN INTERNATIONAL UNIVERSITY COLLEGE, GHANA - MAIN LIBRARY WISCONSIN INTERNATIONAL UNIVERSITY COLLEGE, GHANA - MAIN LIBRARY General Stacks 09/08/2012   TS155.J27 6068/12 09/08/2012 1 09/08/2012 Books
    Library of Congress Classification     WISCONSIN INTERNATIONAL UNIVERSITY COLLEGE, GHANA - MAIN LIBRARY WISCONSIN INTERNATIONAL UNIVERSITY COLLEGE, GHANA - MAIN LIBRARY General Stacks 09/08/2012   TS155.J271 6069/12 09/08/2012 2 09/08/2012 Books

If you have any concerns or questions; kindly contact the library


© Powered by WIUC ICT DIRECTORATE